000
00290nam a22001097a 4500
008
160512b xxu||||| |||| 00| 0 eng d
020
_a
0721618170
041
_a
eng
080
_a
612.39
245
_a
Nutrition and physical fitness;
_c
Jean Bogert; George Briggs; Doris Howes;
942
_2
udc
_c
BK
999
_c
2135
_d
2135